Shia Islam and Politics Iran, Iraq, and Lebanon

Guardado en:
Detalles Bibliográficos
Autor principal: Armajani, Jon
Formato: Libro
Lenguaje:inglés
Publicado: Lanham Lexington Books/ Rowman & Littlefield Publishers 2020
Materias:
Etiquetas: Agregar Etiqueta
Sin Etiquetas, Sea el primero en etiquetar este registro!

MARC

LEADER 00000nam a2200000 4500
001 0279349
005 20230109133236.6
020 |a 978-1-7936-2135-1 
041 0 |a eng 
044 |a US 
245 1 0 |a Shia Islam and Politics  |b Iran, Iraq, and Lebanon  |c Jon Armajani 
264 1 |a Lanham  |b Lexington Books/ Rowman & Littlefield Publishers  |c 2020 
300 |a 235 s. 
610 2 0 |a náboženstvo 
610 2 0 |a islam 
610 2 0 |a politika 
610 2 0 |a Irán 
610 2 0 |a Irak 
610 2 0 |a Libanon 
100 1 |a Armajani, Jon